The Devonian rocks of Kentucky; (Record no. 26808)
[ view plain ]
| 000 -LEADER | |
|---|---|
| fixed length control field | 01466cam a22002891 4500 |
| 001 - CONTROL NUMBER | |
| control field | gs 30000215 |
| 003 - CONTROL NUMBER IDENTIFIER | |
| control field | DLC |
| 005 - DATE AND TIME OF LATEST TRANSACTION | |
| control field | 20260227111334.0 |
| 008 - FIXED-LENGTH DATA ELEMENTS--GENERAL INFORMATION | |
| fixed length control field | 780406s1930 xx 000 0 eng c |
| 010 ## - LIBRARY OF CONGRESS CONTROL NUMBER | |
| LC control number | gs 30000215 |
| 035 ## - SYSTEM CONTROL NUMBER | |
| System control number | (OCoLC)3785650 |
| 040 ## - CATALOGING SOURCE | |
| Original cataloging agency | Library, U.S. Geological Survey |
| Transcribing agency | OT |
| Modifying agency | MsHaU |
| -- | DLC |
| 050 00 - LIBRARY OF CONGRESS CALL NUMBER | |
| Classification number | QE115 |
| Item number | .S15 |
| 100 1# - MAIN ENTRY--PERSONAL NAME | |
| Personal name | Savage, Thomas Edmund, |
| Dates associated with a name | 1866- |
| 245 14 - TITLE STATEMENT | |
| Title | The Devonian rocks of Kentucky; |
| Remainder of title | a presentation of the areal extent, stratigraphic, structural and paleontologic relationship of all sediments between the Silurian and Mississippian systems in this commonwealth, |
| Statement of responsibility, etc. | by Thomas Edmund Savage, assisted by Russell Spurgeon Poor, Charles Fernando Bassett, Harold Bowen Willman, Harry Charles Spoor, jr. And a separate report on the Geology of the Midland Trail in Kentucky, by Armin Kohl Lobeck. |
| 260 ## - PUBLICATION, DISTRIBUTION, ETC. | |
| Place of publication, distribution, etc. | Frankfort, |
| Name of publisher, distributor, etc. | The Kentucky geological survey, |
| Date of publication, distribution, etc. | 1930. |
| 300 ## - PHYSICAL DESCRIPTION | |
| Extent | 6 p. l., 257 p. incl. front. (map) illus., maps, IV pl., tables. |
| Dimensions | 24 cm. |
| 490 0# - SERIES STATEMENT | |
| Series statement | Kentucky. Geological survey, 1920- Ser. VI. [Geologic reports] |
| Volume/sequential designation | v. 33 |
| 650 #0 - SUBJECT ADDED ENTRY--TOPICAL TERM | |
| Topical term or geographic name entry element | Geology |
| Geographic subdivision | Kentucky. |
| 650 #0 - SUBJECT ADDED ENTRY--TOPICAL TERM | |
| Topical term or geographic name entry element | Geology, Stratigraphic |
| Chronological subdivision | Devonian. |
| 700 1# - ADDED ENTRY--PERSONAL NAME | |
| Personal name | Lobeck, A. K. |
| Fuller form of name | (Armin Kohl), |
| Dates associated with a name | 1886-1958. |
| 700 1# - ADDED ENTRY--PERSONAL NAME | |
| Personal name | Poor, Russell Spurgeon, |
| Dates associated with a name | 1899- |
| 700 1# - ADDED ENTRY--PERSONAL NAME | |
| Personal name | Bassett, Charles Fernando. |
| 700 1# - ADDED ENTRY--PERSONAL NAME | |
| Personal name | Willman, H. B. |
| Fuller form of name | (Harold Bowen), |
| Dates associated with a name | 1901- |
| 700 1# - ADDED ENTRY--PERSONAL NAME | |
| Personal name | Spoor, Harvy Charles, jr. |
| 740 0# - ADDED ENTRY--UNCONTROLLED RELATED/ANALYTICAL TITLE | |
| Uncontrolled related/analytical title | Midland trail in Kentucky, Geology of the. |
No items available.